000
00307nam a2200133Ia 4500
005
20251222140040.0
008
251222s1900||||xx |||||||||||||| ||spa||
020
_a
8440622619
082
_a
REF.703/G22
100
_a
Asensio, Antonio
245
0
_a
Enciclopedia del Arte
264
_b
B-Grupo Z
942
_c
LIB
999
_c
3247
_d
3247